Misguiding philosophies and millennium police / (Record no. 67855)

MARC details
000 -LEADER
fixed length control field 00593nam a22001577a 4500
005 - DATE AND TIME OF LATEST TRANSACTION
control field 20120613123029.0
020 ## - INTERNATIONAL STANDARD BOOK NUMBER
International Standard Book Number 8173412782
Terms of availability Rs. 575.00 (hbk)
035 ## - SYSTEM CONTROL NUMBER
System control number B-93439
037 ## - SOURCE OF ACQUISITION
Stock number DPL
Source of stock number/acquisition ENG
100 ## - MAIN ENTRY--PERSONAL NAME
Personal name Vadackumchery, James
245 ## - TITLE STATEMENT
Title Misguiding philosophies and millennium police /
Statement of responsibility, etc by James Vadackumchery
260 ## - PUBLICATION, DISTRIBUTION, ETC. (IMPRINT)
Place of publication, distribution, etc Delhi
Name of publisher, distributor, etc Indian Publishers Distributors
Date of publication, distribution, etc 2003
300 ## - PHYSICAL DESCRIPTION
Extent xxix, 250p.
Dimensions 20 cms.
942 ## - ADDED ENTRY ELEMENTS (KOHA)
Source of classification or shelving scheme Dewey Decimal Classification
Item type English Books
Classification part 363.2
Call number suffix VAD
Holdings
Withdrawn status Lost status Not for loan Collection code Home library Current library Date acquired Cost, normal purchase price Full call number Barcode Cost, replacement price Koha item type
      Non-fiction Sarojini Nagar Sarojini Nagar 13/06/2012 575.00 363.2 VAD B-93439 575.00 English Books

© Delhi Public Library
Hit Counter
free hit counter